000 01060nam a2200313 i 4500
001 000027172
003 DO-SdBNP
005 20241212083812.0
007 ta
008 110330s1947 dr a 000 0bspa d
040 _aDO-SdBNP
_bspa
_cBNPHU
_erda
041 _hspa
082 _a923.27293
_bS211L
_222
100 1 _aLugo Lovaton, Ramón
_eautor
_954236
245 1 0 _aSánchez.
264 _aCiudad Trujillo, República Dominicana :
_bMontalvo,
_c1947.
300 _a470 páginas :
_bilustraciones ;
_c24 cm.
336 _ardacontent
_btexto
_2txt
337 _ardamedia
_bsin mediación
_2n
338 _ardacarrier
_bvolumen
_2nc
490 1 _aBiblioteca dominicana
_v2
500 _aLa biblioteca posee el volumen 1
504 _aIncluye referencias bibliográficas y notas al pie de las páginas
600 0 _aSÁNCHEZ, FRANCISCO DEL ROSARIO,
_d1817-1861
_97226
651 0 _aRepública Dominicana --
_xHistoria --
_y1844-1930
_91009
830 0 _aBiblioteca dominicana
_n2
_954237
910 _aValidado. Control de calidad BNPHU
942 _2ddc
_cLBS1
999 _c26664
_d26664